EU-Russia Trade under Sanctions: An Analysis of Trade Dynamics and Intensity
Poukázanie na vývoj a zmeny v obchodných vzťahoch medzi EÚ a Ruskom. Rozbor obchodu medzi EÚ a Ruskom a jeho intenzita v rokoch 2004 až 2023.
Uložené v:
| Hlavný autor: | |
|---|---|
| Ďalší autori: | , |
| Médium: | Kapitola |
| Jazyk: | English |
| Predmet: | |
| Tagy: |
Žiadne tagy, Buďte prvý, kto otaguje tento záznam!
|
MARC
| LEADER | 00000naa$a2200000$$$4500 | ||
|---|---|---|---|
| 001 | 0308764 | ||
| 005 | 20250528102129.9 | ||
| 041 | 0 | |a eng | |
| 044 | |a SK | ||
| 245 | 1 | 0 | |a EU-Russia Trade under Sanctions: An Analysis of Trade Dynamics and Intensity |c Ľubica Zubaľová, Kristína Drieniková, Marianna Bučányová |
| 520 | |a Poukázanie na vývoj a zmeny v obchodných vzťahoch medzi EÚ a Ruskom. Rozbor obchodu medzi EÚ a Ruskom a jeho intenzita v rokoch 2004 až 2023. | ||
| 610 | 2 | 0 | |a Európska únia |
| 610 | 2 | 0 | |a Rusko |
| 610 | 2 | 0 | |a sankcie |
| 610 | 2 | 0 | |a obchod |
| 610 | 2 | 0 | |a vzťahy hospodárske medzinárodné |
| 610 | 2 | 0 | |a vzťahy medzinárodné |
| 610 | 2 | 0 | |a vzťahy obchodné |
| 100 | 1 | |a Zubaľová, Ľubica, 1969- | |
| 700 | 1 | |a Drieniková, Kristína, 1982- | |
| 700 | 1 | |a Bučányová, Marianna | |